000 00240nam a2200097Ia 4500
008 240331s9999 xx 000 0 und d
082 _bPAN
100 _aPannikker, K.N
245 0 _aNaveena inthiyavil kalachcharamum samuka unarvum
942 _cL
999 _c2026
_d2026